00317nam a2200121Ia 4500008004100000082001600041100001600057245003800073250000800111260004900119300001000168650001700178150201s2006 xx 000 0 und d a615bP2006K aKHANNA,N.K. aPRINCIPLES OF DENTAL PHARMACOLOGY a2ND bC.B.S PUBLISHERS & DISTRIBUTERSaDELHIc2006 a1-387 aPHARMACOLOGY